Ochrana zdravotných údajov

Enregistré dans:
Détails bibliographiques
Auteur principal: Boráros, Lóránt (Auteur)
Autres auteurs: Nemoga, Karol (Directeur de thèse)
Format: Manuscrit Livre
Langue:slovaque
Publié: 2018
Sujets:
Accès en ligne:http://is.stuba.sk/zp/portal_zp.pl?podrobnosti=115982
Tags: Ajouter un tag
Pas de tags, Soyez le premier à ajouter un tag!

MARC

LEADER 00000ntm a22000003a 4500
001 stuzp70789
003 SK-STU
005 20181128121513.0
007 ta
008 150427s2015----xo-----f-mn---000-0-slo-d
040 |a STU  |b slo 
041 0 |a slo 
044 |a xo 
100 1 |a Boráros, Lóránt  |u 035000  |4 aut  |U FEI Fakulta elektrotechniky a informatiky  |T FEI Ústav informatiky a matematiky  |X 5624  |U E050  |Y 816  |7 5624 
242 0 1 |a Security of medical data  |y eng 
245 1 0 |a Ochrana zdravotných údajov 
260 |c 2018 
300 |a 40 s.,  |b CD-ROM 
650 4 |a elektronické zdravotníctvo  |2 slo 
650 4 |a zdravotné údaje  |2 slo 
650 4 |a anonymizácia  |2 slo 
650 4 |a šifrovanie  |2 slo 
650 4 |a generalizácia  |2 slo 
650 4 |a eHealth  |2 eng 
650 4 |a medical data  |2 eng 
650 4 |a anonymisation  |2 eng 
650 4 |a encryption  |2 eng 
650 4 |a generalization  |2 eng 
700 1 |a Nemoga, Karol  |u 035000  |k Z8  |4 ths  |U FEI Fakulta elektrotechniky a informatiky  |T FEI Ústav informatiky a matematiky  |X 3637  |U E050  |Y 816  |7 A000003637 
856 4 |u http://is.stuba.sk/zp/portal_zp.pl?podrobnosti=115982 
996 |b 284ER02769  |c E*Bc- 2769  |l EE35  |s P  |a 0  |w stuzp70789_0001